Association for the Conservation of Energy (Record no. 120597)

MARC details
000 -LEADER
fixed length control field 00866cai a22001815a 4500
001 - CONTROL NUMBER
control field L138090
008 - FIXED-LENGTH DATA ELEMENTS--GENERAL INFORMATION
fixed length control field 070516u xxk g 000 0 eng d
035 ## - SYSTEM CONTROL NUMBER
System control number (Sirsi) u138090
041 0# - LANGUAGE CODE
Language code of text/sound track or separate title eng
110 2# - MAIN ENTRY--CORPORATE NAME
Corporate name or jurisdiction name as entry element Association for the Conservation of Energy
9 (RLIN) 5198
245 00 - TITLE STATEMENT
Title Association for the Conservation of Energy
520 ## - SUMMARY, ETC.
Summary, etc. Website for this association which aims to promote awareness of the benefits of energy conservation, help inform policy in this area, and increase investment in energy saving measures. Includes details of ACE campaigns and research, news, publications, and an A-Z list of energy related websites.
590 ## - LOCAL NOTE (RLIN)
Local note KA
651 #4 - SUBJECT ADDED ENTRY--GEOGRAPHIC NAME
Geographic name United Kingdom
Chronological subdivision
690 ## - LOCAL SUBJECT ADDED ENTRY--TOPICAL TERM (OCLC, RLIN)
Topical term or geographic name as entry element ENVIRONMENTAL AND LAND CONSULTANCY-ENERGY-ENERGY USE-ENERGY CONSERVATION
856 40 - ELECTRONIC LOCATION AND ACCESS
Uniform Resource Identifier <a href="https://www.ukace.org/">https://www.ukace.org/</a>
Public note View the website free of charge at www.ukace.org...
942 ## - ADDED ENTRY ELEMENTS (KOHA)
Suppress in OPAC 0
Holdings
Withdrawn status Lost status Source of classification or shelving scheme Damaged status Not for loan Home library Current library Shelving location Date acquired Total Checkouts Full call number Barcode Date last seen Copy number Price effective from Koha item type
    Dewey Decimal Classification     Virtual Virtual Online 16/05/2007   WEB SITE 138090-2001 06/08/2019 1 06/08/2019 Online material